Neklidná krev /
Pravé zlo nezničí ani čas. Pátý případ Cormorana Strika a Robin Ellacottové.
Uloženo v:
| Série: | Detektiv Cormoran Strike,
část 5 |
|---|---|
| Hlavní autor: | |
| Další autoři: | |
| Médium: | E-kniha |
| Jazyk: | Czech |
| Vydáno: |
Praha :
Kniha Zlin,
2022
|
| Vydání: | Vydání první |
| Témata: | |
| Příbuzné jednotky: | Z cyklu::
Detektiv Cormoran Strike |
| Tagy: |
Žádné tagy |
| LEADER | 02476cam a2200445 i 4500 | ||
|---|---|---|---|
| 001 | 311568 | ||
| 003 | CZ PrSKC | ||
| 005 | 20260601215707.0 | ||
| 007 | ta | ||
| 008 | 220530s2022 xr g 000 f cze d | ||
| 015 | |a cnb003424124 | ||
| 020 | |a 9788076623262 |q (vázáno) | ||
| 035 | |a (OCoLC)1335742661 | ||
| 040 | |a CBA001 |b cze |d ABG001 |d ABA001 |e rda | ||
| 041 | 1 | |a cze |h eng | |
| 072 | 7 | |a 821.111-3 |x Anglická próza, anglicky psaná |2 Konspekt | |
| 080 | |a 821.111-31 |2 MRF | ||
| 080 | |a (0:82-312.4) |2 MRF | ||
| 100 | 1 | |a Galbraith, Robert, |d 1965- |7 jo2013771217 |4 aut | |
| 240 | 1 | 0 | |a Troubled blood. |l Česky |
| 245 | 1 | 0 | |a Neklidná krev / |c Robert Galbraith ; z angličtiny přeložil Ladislav Šenkyřík |
| 250 | |a Vydání první | ||
| 264 | 1 | |a Praha : |b Kniha Zlin, |c 2022 | |
| 300 | |a 973 stran ; |c 21 cm | ||
| 336 | |a text |b txt |2 rdacontent | ||
| 337 | |a bez média |b n |2 rdamedia | ||
| 338 | |a svazek |b nc |2 rdacarrier | ||
| 520 | 2 | |a Pravé zlo nezničí ani čas. Pátý případ Cormorana Strika a Robin Ellacottové. |b Soukromého detektiva Cormorana Strika osloví s prosbou o pomoc žena, jejíž matka před čtyřiceti lety zmizela za podivných okolností. I přes malou šanci na objasnění odloženého případu se Strike a jeho parťačka Robin Ellacottová pouštějí do vyšetřování. Záhy pochopí, že před sebou mají ďábelsky složitou záhadu související s tarotovými kartami, pochybnými svědky a psychopatickým sériovým vrahem. A zjistí, že i případy staré desítky let mohou být smrtící. Nakladatelská anotace. | |
| 655 | 7 | |a anglické romány |7 fd131814 |2 czenas | |
| 655 | 7 | |a detektivní romány |7 fd132010 |2 czenas | |
| 655 | 9 | |a English fiction |2 eczenas | |
| 655 | 9 | |a detective novels |2 eczenas | |
| 700 | 1 | |a Šenkyřík, Ladislav, |d 1957- |7 jn20001227225 |4 trl | |
| 787 | 0 | 8 | |i Z cyklu: |t Detektiv Cormoran Strike |g 5 |w (CZ-CtDS)46e34c24-8a7f-5fc4-8839-efcfef7477a7 |
| 900 | |a ABA001 |b 20 | ||
| 928 | 9 | |a Albatros Media - Kniha Zlin | |
| 044 | |a xr | ||
| 910 | |a RBIT002 | ||
| 998 | |d 352408 |a https://core.palmknihy.cz/api/books/352408/cover?si6eux |b https://core.palmknihy.cz/api/books/352408/cover/400?si6eux |c https://core.palmknihy.cz/api/books/352408/cover/50?si6eux |e 2031-04-14 |g 976 |i 9788076623262 |j https://core.palmknihy.cz/api/books/352408/preview.epub |k https://core.palmknihy.cz/api/books/352408/preview.pdf |l |q 49 |r 1 |s https://www.palmknihy.cz/kniha/352408 |t ebook |y 2022 |z 0 |v Detektiv Cormoran Strike |w 5 | ||
| 999 | |d 311566 | ||